Normal view
MARC view
- التغير الثقافي
Entry Topical Term
001 - CONTROL NUMBER
- control field: 50552
003 - CONTROL NUMBER IDENTIFIER
- control field: JO-AjAnu
005 - DATE AND TIME OF LATEST TRANSACTION
- control field: 20230606082325.0
008 - FIXED-LENGTH DATA ELEMENTS
- fixed length control field: 230606|| aca||aabn | a|a d
040 ## - CATALOGING SOURCE
- Original cataloging agency: JO-AjAnu
- Transcribing agency: JO-AjAnu
150 ## - HEADING--TOPICAL TERM
- Topical term or geographic name entry element: التغير الثقافي
670 ## - SOURCE DATA FOUND
- Source citation: Work cat.: (JO-AjAnu)25843: اعداد احمد، سامر خير ؛ ساعد في تنفيذ الدراسة امينة دغمش؛ الاخراج الفني هاشم نصار الحطاب, author 50551, الواقع الثقافي في مجتمع مدينة عمان: دراسة ميدانية للعام 2011 مع مقارنة لنتائج العام 2010